| 000 | 00638cam a2200169 i 4500 | ||
|---|---|---|---|
| 005 | 20251108163338.0 | ||
| 008 | 250721n ua gr 000 0 ara d | ||
| 020 | _a977134224 | ||
| 082 | 1 | 4 |
_a133.5 _bم ج د |
| 100 | 1 |
_aالشهاوي، مجدي محمد _eمؤلف. |
|
| 245 | 1 | 0 |
_aقراءة النجوم والحظ والطالع بين الحقيقة والخرافة / _cتأليف مجدي محمد الشهاوي. |
| 264 | 1 |
_aالقاهرة : _bمكتبة القرآن للطبع والنشر والتوزيع، _c1989. |
|
| 300 | _a142 صفحة. | ||
| 650 | 1 | 7 | _aعلم التنجيم. |
| 942 |
_2ddc _cBK |
||
| 999 |
_c337 _d337 |
||